Normal view
MARC view
- Dr. Sathian K. K (Guide)
Entry Personal Name
001 - CONTROL NUMBER
- control field: 3449
003 - CONTROL NUMBER IDENTIFIER
- control field: OSt
005 - DATE AND TIME OF LATEST TRANSACTION
- control field: 20180929122817.0
008 - FIXED-LENGTH DATA ELEMENTS
- fixed length control field: 180929|| aca||aabn | a|a d
040 ## - CATALOGING SOURCE
- Original cataloging agency: OSt
- Transcribing agency: OSt
100 ## - HEADING--PERSONAL NAME
- Personal name: Dr. Sathian K. K (Guide)
670 ## - SOURCE DATA FOUND
- Source citation: Work cat.: (OSt)15012: ATHULYA C SAJIRA A. K 3448, Prioritization of sub watersheds of a river basin using geographic information system
